| 000 | 00623cam a2200205 4500 | ||
|---|---|---|---|
| 001 | D16375 | ||
| 008 | 090401t1976 xxu||||| |||| 00| 0 eng d | ||
| 035 | _a(Sirsi) u28946 | ||
| 041 | _aeng | ||
| 050 | _a692.8 | ||
| 100 | _aYates, Alan | ||
| 245 | _aVariations at a premium, an entry for the RICS prize papers` competition of 1976,; winner of the junior Chairman`s Prize 1976 | ||
| 260 | _c1976 | ||
| 300 | _ai. 15p. diagrams | ||
| 350 | _a0 | ||
| 520 | _aUnpublished paper, 1976 ; Filed in Archives box 1976/28A | ||
| 710 |
_aRoyal Institution of Chartered Surveyors _94900 |
||
| 942 | _n0 | ||
| 948 | _c04/03/1997 | ||
| 999 |
_c89366 _d89366 |
||